Tilastot visalle Panama-visa

Klikkaa tästä pelataksesi tätä visaa!

Yleistilastot

  • Tätä visaa on pelattu 161 kertaa
  • Keskiarvotulos 9 / 18

Vastaustilastot

VihjeVastaus% Oikein
Virallinen kieliEspanja
98%
NaapurimaatCosta Rica
97%
NaapurimaatKolumbia
97%
PääkaupunkiPanamá
95%
Vuosien 1904 ja 1914 välillä rakennettu suuri rakennelmaPanaman kanava
81%
KansallisurheilulajiBaseball
76%
Valtio, jonka osana Panama oli vuoteen 1831 astiSuur-Kolumbia
46%
Kapea maakaistale, joka yhdistää Pohjois- ja Etelä-AmerikanPanaman{kannas}
44%
Vuonna 2015 paljastunut skandaali, joka koski panamalaista lakiyhtiötä, joka oli auttanut tuhansia asiakkaitaan piilottamaan omaisuutensaPanaman paperit
41%
Vuonna 1989 syrjäytetty diktaattoriManuel Noriega
39%
Yllä olevan pohjoispuolella oleva satamakaupunkiColón
36%
ValuuttaBalboa
35%
Panaman hallinnonosa, joka lakkautettiin 1990Armeija
31%
Suuri luonnontilainen suo- ja metsäalue Panaman eteläosassaDarién
28%
Walesilainen merirosvo, joka ryösti pääkaupungin 1671Henry Morgan
27%
Panaman presidenttiLaurentino Cortizo
25%
Pisin jokiRío Chagres
23%
Nimeä yksi kolmesta suurimmasta Panaman alueella ennen eurooppalaisten
saapumista eläneistä alkuperäiskansoista
Chibchan | Choco | Cueva
21%

Tulosjakauma

Persentiili vastausten määrän mukaan

Jokaisen tuloksen saaneiden osuus

Tuloshistoriasi

Et ole pelannut tätä visaa